000 00870nam a22002295i 4500
001 173202
003 ES-MaACL
005 20260124063016.0
008 091117s2008 sp |||| | spa d
080 _a32(081) Lincoln, Abraham
100 0 _aLincoln, Abraham,
_d1809-1865
_972367
245 1 3 _aEl discurso de Gettysburg y otros discursos /
_cAbraham Lincoln ; prólogo de Felipe Sahagún.
260 _a[Barcelona] :
_bCentro Editor PDA,
_c[2008]
300 _a64 p. :
_bil. ;
_c22 cm.
490 1 _aLas voces de la democracia, así hablan los grandes políticos ;
_v4
490 1 _aBiblioteca El mundo
700 1 _aSahagún, Felipe.
_9101472
830 0 _aLas voces de la democracia, así hablan los grandes políticos ;
_v4
_9189188
830 0 _aBiblioteca El Mundo
_9189189
852 _aES-MaACL
_j2254-F-4
_9R.145429
999 _c173202
_d173202